Title in the Lyrics - Oasis - Medium - Statistics

General Stats
  • This quiz has been taken 37 times
  • The average score is 7 of 12
Answer Stats
Album Song Lyric % Correct
(What's the Story) Morning Glory? Bound with all the weight of all the words he tried to say / Chained to all the placed that he never wished to stay / bound with all the weight of all the words he tried to say / As he faced the sun he {Cast} {No} {Shadow}
91%
Definitely Maybe Hey You / {Up} {In} {The} {Sky} / Learning to fly / Tell me how high
82%
The Masterplan {Listen} {Up} / What's the time? / Said today, I'm gonna speak my mind
82%
Be Here Now All my people right here right now / {D'you} {Know} {What} {I} {Mean}? / Yeah yeah
79%
Cigarettes and Alcohol / Knebworth 1996 I am the Eggman / We are the Eggmen / {I} {Am} {The} {Walrus} / Goo-Goo G'joob
79%
Be Here Now So {Don't} {Go} {Away} / Say what you say / Say that you'll stay / Forever and a day
70%
Standing on the Shoulders of Giants Paint no illusion, try to click with whatcha got / Taste every potion, cause if you like yourself a lot / {Go} {Let} {It} {Out}
64%
Don't Believe the Truth Who kicked a hole in the sky / So the heavens would cry over me?/ Who stole the soul from the sun / In a world come undone at the seams? / {Let} {There} {Be} {Love}
45%
Shakermaker I haven't seen your face 'round since I was a kid / You're bringing back those memories of the things that we did / You're hanging 'round and climbing trees pretending to fly / {D'yer} {Wanna} {Be} {A} {Spaceman} and live in the sky?
42%
Dig Out Your Soul I'm coming up in the early morning / I feel love in {The} {Shock} {Of} {The} {Lightning} /I fall into the blinding light / Come in, come out, come in, come out tonight
30%
Don't Look Back in Anger When you might / think you're gonna cry / It will be alright / {Step} {Out} tonight
30%
Heathen Chemistry You can fill me up with what you got / Cause my heart's been keeping old / {She} {Is} {Love} / And her ways are high and steep
18%
No matching quizzes found
Score Distribution
Percent of People with Each Score
Percentile by Number Answered
Your Score History
You have not taken this quiz